| 000 | 00959aam a2200301 4500 | ||
|---|---|---|---|
| 005 | 20170209150314.0 | ||
| 008 | 150728b xxu||||| |||| 00| 0 spa d | ||
| 041 | _aEspañol | ||
| 082 | _a3.27 F815g | ||
| 100 |
_aFrancesc Valls, Josep _938948 |
||
| 245 | _aGestión de destinos turísticos sostenibles | ||
| 260 | _aEspaña | ||
| 260 | _bGestión 2000 | ||
| 260 | _c2000 | ||
| 300 | _a252 páginas | ||
| 650 |
_aTURISMO SOSTENIBLE _99369 |
||
| 650 |
_aDESTINOS TURÍSTICOS _91083 |
||
| 650 |
_aFUNCIONES DEL DESTINO _938949 |
||
| 650 |
_aAGENTES DEL DESTINO _938950 |
||
| 650 |
_aESTRUCTURACIÓN DEL DESTINO _938951 |
||
| 650 |
_aTIPOLOGÍAS DE DESTINOS TURÍSTICOS _938952 |
||
| 650 |
_aDESTINO TURÍSTICO COMPETITIVO _938953 |
||
| 650 |
_aPLANIFICACIÓN ESTRATÉGICA _938954 |
||
| 650 |
_aPOLÍTICAS Y ESTRATEGIAS _938955 |
||
| 650 |
_aGESTIÓN DE LOS DESTINOS _938956 |
||
| 650 |
_aSOPORTES PARA LA IMPLEMENTACIÓN _938957 |
||
| 942 | _cBK | ||
| 999 |
_c6730 _d6730 |
||